Statistics for Most Famous People by First Name #10

Click here to take the quiz!

General Stats

  • This quiz has been taken 37 times
  • The average score is 12 of 60

Answer Stats

Answer% Correct
Caesar
87%
Ali
84%
Picasso
77%
I
55%
I
55%
I (Belgium)
55%
I (HRE)
55%
II
52%
II
52%
Roberts
52%
Bezos
48%
Escobar
45%
Cromwell
42%
Chávez
35%
Murphy
32%
Brontë
29%
Stone
29%
Bridges
26%
Goldblum
23%
Rampling
23%
Bubka
19%
Neruda
16%
(Prophet)
16%
Redmayne
16%
Rosicky
16%
of Cambridge
13%
Izzard
10%
Kahn
10%
Knotts
10%
Kurylenko
10%
Lloris
10%
Pirandello
10%
Zuma
10%
Brin
6%
Cheadle
6%
Einaudi
6%
Gromyko
6%
Sakharov
6%
Solzhenitsyn
6%
Ben Bella
3%
Bernoulli
3%
Díaz
3%
Galvani
3%
Gillard
3%
Grimm
3%
Grotius
3%
Karelin
3%
Kerzhakov
3%
Kristeva
3%
Lavrov
3%
Llull
3%
Magsaysay
3%
Masaryk
3%
of Kiev
3%
Rickles
3%
Tarkovsky
3%
Tokarczuk
3%
Tranströmer
3%
Yunus
3%
Zewail
3%

Score Distribution

Percentile by Number Answered

Percent of People with Each Score

Your Score History

You have not taken this quiz